000 00746cam a22002411 4500
001 he 68003734
003 DLC
005 20260227111506.0
008 840307s1967 is abc 000 0 heb
010 _ahe 68003734
035 _a(OCoLC)19161893
040 _aDLC
_cMH
_dCU
_dDLC
042 _apremarc
043 _aa-is---
050 0 0 _aDS110.R325
_bH5
100 1 _aHirschfeld, Sh.,
_d1921-
245 1 0 _aSipurah shel Ramat-Gan /
_cme-et Sh. Hirshfeld [u-]M. Harpaz.
260 _a[Ramat-Gan] :
_bha-Maḥlaḳah le-ḥinukh ule-noʻar shel ʻiriyat Ramat-Gan,
_c[1967]
300 _a145 p. :
_bill., map, ports. ;
_c19 cm.
651 0 _aRamat-Gan (Israel)
_vJuvenile literature.
700 1 _aHarpaz, Mani.
752 _aIsrael
_dRamat Gan
999 _c33969
_d33969